WWE - Statistics

General Stats
  • This quiz has been taken 313 times
  • The average score is 11 of 15
Answer Stats
Hint Answer % Correct
Cant see me John Cena
99%
Viper Randy Orton
97%
Dead man Undertaker
97%
HBK Shawn Michaels
95%
The Game Triple H
95%
Hitman Bret Hart
84%
Zig Zag Dolph Ziggler
84%
American Dream Dusty Rhodes
74%
'Brother' Hulk Hogan
74%
'Fella' Sheamus
69%
leprachaun Hornswoggle
65%
Electrifying Rock
59%
Billy Guns partner Road Dogg
58%
9th wonder of the world Chyna
55%
2nd winner of royal rumble John Studd
31%
No matching quizzes found
Score Distribution
Percent of People with Each Score
Percentile by Number Answered
Your Score History
You have not taken this quiz